{"text_format":"2","workbook":"xlsx","n_sheets":1,"sheets":["Composições"],"not_rendered":{"charts":0,"images":0,"macros":0,"external_links":10,"defined_names":682,"comments":0,"pivot_tables":0},"unopened":[],"bounds":{"document_bytes":16777216,"sheet_cells":100000,"run_cost":"one","rows_first":2000,"rows_last":500,"rows_between":2000,"halvings":0,"cell_chars":16384,"cell_head_chars":4096},"cells_cut":0,"cells_raw":0,"read":"whole","date_system":"1900"}

{"sheet":"Composições","index":0,"n_rows":428,"n_cols":5,"rows_kept":428,"cut":false,"hidden":false,"merged":[]}
["COMPOSIÇÕES DE PREÇOS UNITÁRIOS"]
["SISTEMA  DE ABASTECIMENTO DE ÁGUA DO MUNICÍPIO DE PARATINGA/BA"]
[null,null,null,"BDI SERVIÇOS:",0.28100000000000003]
["DATA BASE: JUL/2016"]
[]
["SERVIÇO / INSUMO","UNIDADE","COEFICIENTE","P. UNITÁRIO","P. TOTAL"]
["Acompanhamento topográfico",null,null,"m",1.5]
["Nivelador","h",2.6666666666666668E-2,19.68,0.52]
["Topografo","h",2.6666666666666668E-2,24.26,0.65]
["Total",null,null,null,1.17]
["B.D.I","%",0.28100000000000003,null,0.33]
["TOTAL GERAL",null,null,null,1.5]
[]
["Administração Local e Manutenção do Canteiro",null,null,"global",733155.85999999987]
["Telefone ","mês",12,280,3360]
["Energia elétrica","kw/h",18000,0.64,11520]
["Água e esgoto","m³",96,12.11,1162.56]
["Material escritório obra ","mês",12,30,360]
["Material de limpeza","mês",12,69.540000000000006,834.48]
["Internet","mês",12,89,1068]
["EPI","un",120,44.53,5343.6]
["Ferramentas","mês",12,50,600]
["Engenheiro Residente","h",2352,68.34,160735.67999999999]
["Mestre de Obra","h",2352,34.11,80226.720000000001]
["Encarregado obras civis","h",2352,20.46,48121.919999999998]
["Encarregado hidráulica e elétrica","h",2112,13.29,28068.48]
["Técnico de Segurança do Trabalho","mês",6,3215.04,19290.240000000002]
["Encarregado Administrativo","h",2352,12.15,28576.799999999999]
["Almoxarife","h",2640,19.04,50265.599999999999]
["Vigia","h",8640,15.37,132796.79999999999]
["Total",null,null,null,572330.87999999989]
["B.D.I","%",0.28100000000000003,null,160824.98000000001]
["TOTAL GERAL",null,null,null,733155.85999999987]
[]
["Assentamento de mangote flexível para captação flutuante até Ø 300 mm",null,null,"m",14.4]
["Servente","h ",0.16666666666666666,7.99,1.33]
["Montador","h ",0.16666666666666666,14.46,2.41]
["Barco com operador","h",0.16666666666666666,45,7.5]
["Total",null,null,null,11.24]
["B.D.I","%",0.28100000000000003,null,3.16]
["TOTAL GERAL",null,null,null,14.4]
[]
["Caixa de concreto para proteção de válvulas de descargas e ventosas, fornec. e implantação",null,null,"un",1766.2600000000002]
["Locação da caixa","m²",0.87360000000000004,11.88,10.38]
["Limpeza do terreno","m²",3.7536,3.58,13.44]
["Escavação manual","m³",4.6920000000000002,23.86,111.95]
["Lastro de concreto magro","m²",1.1000000000000001,17.48,19.23]
["Concreto estrutural, Fck = 15Mpa","m³",0.72353999999999996,332.54,240.61]
["Armação CA-50B","kg",43.412399999999998,4.96,215.33]
["Forma em chapa compensada","m²",8.4640000000000004,79.2,670.35]
["Bloco de apoio em concreto estrutural","m³",3.3800000000000002E-3,332.54,1.1200000000000001]
["Reaterro de vala","m³",0.59250000000000003,35.799999999999997,21.21]
["Bota-fora de material","m³",4.0994999999999999,0.89,3.65]
["Pintura a cal","m²",2.0015999999999998,6.81,13.63]
["Tampa em concreto armado","um",1,57.91,57.91]
["Total",null,null,null,1378.8100000000002]
["B.D.I","%",0.28100000000000003,null,387.45]
["TOTAL GERAL",null,null,null,1766.2600000000002]
[]
["Calçada de contorno com largura de 0,50 m, executada em baldrame de tijolo cerâmico, lastro em concreto e piso cimentado e=1,5 cm",null,null,"m²",178.76]
["Escavação manual","m³",0.06,23.86,1.43]
["Baldrame","m³",0.112,548.45000000000005,61.43]
["Reaterro de vala","m³",4.2000000000000003E-2,35.799999999999997,1.5]
["Lastro de concreto magro","m²",1,17.48,17.48]
["Piso cimentado esp. 1,5 cm","m²",1,35.049999999999997,35.049999999999997]
["Chapisco","m²",0.28999999999999998,2.94,0.85]
["Emboço, Esp=2,0cm","m²",0.28999999999999998,30.82,8.94]
["Reboco 5mm","m²",0.28999999999999998,37.57,10.9]
["Pintura a cal","m²",0.28999999999999998,6.81,1.97]
["Total",null,null,null,139.54999999999998]
["B.D.I","%",0.28100000000000003,null,39.21]
["TOTAL GERAL",null,null,null,178.76]
[]
["Calçada de contorno na base do reservatório",null,null,"m²",102.31]
["Escavação manual","m³",2.0619999999999999E-2,23.86,0.49]
["Baldrame","m³",3.0929999999999999E-2,548.45000000000005,16.96]
["Lastro de concreto magro","m²",1,17.48,17.48]
["Piso cimentado esp. 1,5 cm","m²",1,35.049999999999997,35.049999999999997]
["Chapisco","m²",0.12667,2.94,0.37]
["Emboço, Esp=2,0cm","m²",0.12667,30.82,3.9]
["Reboco 5mm","m²",0.12667,37.57,4.76]
["Pintura a cal","m²",0.12667,6.81,0.86]
["Total",null,null,null,79.87]
["B.D.I","%",0.28100000000000003,null,22.44]
["TOTAL GERAL",null,null,null,102.31]
[]
["Confecção de Placa de sinalização e advertência, incl. forn., transp., instal. e rem. para outro local da obra",null,null,"m²",65.91]
["Carpinteiro","h ",0.15,13.08,1.96]
["Ajudante de carpinteiro","h",0.15,9.98,1.5]
["Chapa resinada 12mm","un",0.41321999999999998,36.81,15.21]
["Barrote 3\"x3\"","m",7.8040900000000004,1.8,14.05]
["Prego","kg",0.04,9.0299999999999994,0.36]
["Pintura esmalte sobre madeira","m²",1,18.37,18.37]
["Total",null,null,null,51.45]
["B.D.I","%",0.28100000000000003,null,14.46]
["TOTAL GERAL",null,null,null,65.91]
[]
["Desmobilização de equipamentos e pessoal",null,null,"un",41074.980000000003]
["Caminhão Carroceria: Mercedes Benz : 2726 K - de madeira 15 t","h",155,133.28,20658.400000000001]
["Caminhão basculante, capacidade para 5,0 m³","h",53.913043478260867,45,2426.09]
["Caminhão com carroceria fixa, capacidade para 8,0 ton","h",67.391304347826093,91.66,6177.09]
["Passagem de ônibus","un",20,3.1,62]
["Servente","h",120,7.99,958.8]
["MOTORISTA DE BASCULANTE","h",40,14.94,534.4]
["Motorista - veículo pesado","h",80,14.96,1248]
["Total",null,null,null,32064.780000000002]
["B.D.I","%",0.28100000000000003,null,9010.2000000000007]
["TOTAL GERAL",null,null,null,41074.980000000003]
[]
["Fornecimento, colocação e espalhamento de camada de seixo selecionado para uma camada de 30 cm no leito de secagem",null,null,"m³",115.67000000000002]
["Servente","h",1.22,7.99,9.75]
["Pedreiro","h",1.22,13.29,16.21]
["Seixo rolado","m³",1,64.34,64.34]
["Total",null,null,null,90.300000000000011]
["B.D.I","%",0.28100000000000003,null,25.37]
["TOTAL GERAL",null,null,null,115.67000000000002]
[]
["Mobilização de equipamentos e pessoal",null,null,"un",41074.980000000003]
["Caminhão Carroceria: Mercedes Benz : 2726 K - de madeira 15 t","h",155,133.28,20658.400000000001]
["Caminhão basculante, capacidade para 5,0 m³","h",53.913043478260867,45,2426.09]
["Caminhão com carroceria fixa, capacidade para 8,0 ton","h",67.391304347826093,91.66,6177.09]
["Passagem de ônibus","un",20,3.1,62]
["Servente","h",120,7.99,958.8]
["MOTORISTA DE BASCULANTE","h",40,14.94,534.4]
["Motorista - veículo pesado","h",80,14.96,1248]
["Total",null,null,null,32064.780000000002]
["B.D.I","%",0.28100000000000003,null,9010.2000000000007]
["TOTAL GERAL",null,null,null,41074.980000000003]
[]
["Montagem de peças, conexões, válvulas, aparelhos e acessórios de ferro",null,null,"un",373.44]
["Montador (Tubo/Aco/Equipamentos)","h",8,14.46,115.68]
["Encanador","h",8,13.29,106.32]
["Ajudante especilizado","h",8,8.69,69.52]
["Total",null,null,null,291.52]
["B.D.I","%",0.28100000000000003,null,81.92]
["TOTAL GERAL",null,null,null,373.44]
[]
["Montagem do reservatório com uso de guindaste hidráulico autopropelido sobre pneus capac. 10t",null,null,"un",1636.6100000000001]
["GUINDASTE ALTOPROPELIDO SOBRE PNEUS, COM LANCA TELESCOPICA, CAPACIDADE DE *10* T (LOCACAO COM OPERADOR, COMBUSTIVEL E MANUTENCAO)","h",8,137.25,1098]
["Montador (Tubo/Aco/Equipamentos)","h",8,14.46,115.68]
["Servente","h",8,7.99,63.92]
["Total",null,null,null,1277.6000000000001]
["B.D.I","%",0.28100000000000003,null,359.01]
["TOTAL GERAL",null,null,null,1636.6100000000001]
[]
["Montagem dos equipamentos da casa de comando de bombas (válvulas, manômetros, registros, etc)",null,null,"un",944.4]
["Fita isolante adesiva anti-chama em rolos 19 mm x 10 m","un",15,7.6,114]
["Fita veda rosca em rolos 18mm x 10m","un",15,2.34,35.1]
["Ajudante especilizado","h",14,8.69,121.66]
["Montador","h",14,11.58,162.12]
["Eletricista","h",13.39,14.46,193.62]
["Ajudante de eletricista","h",13.39,8.27,110.74]
["Total",null,null,null,737.24]
["B.D.I","%",0.28100000000000003,null,207.16]
["TOTAL GERAL",null,null,null,944.4]
[]
["Pintura em superfícies de metal / reservatório (Logomarca da Codevasf)",null,null,"m²",44.59]
["PINTURA FUNDO OXIDO DE FERRO/ZARCAO, DUAS DEMAOS, PARA FERRO","m²",1,15.24,15.24]
["PINTURA ESMALTE BRILHANTE, DUAS DEMAOS, PARA FERRO","m²",1,19.57,19.57]
["Total",null,null,null,34.81]
["B.D.I","%",0.28100000000000003,null,9.7799999999999994]
["TOTAL GERAL",null,null,null,44.59]
[]
["Teste de estanqueidade",null,null,"m",6]
["Caminhão pipa","h",1.9E-2,70.87,1.35]
["Bomba pressurizada elétrica até 2HP","h",0.03,1.27,0.04]
["Encanador","h ",0.15,13.29,1.99]
["Ajudante especilizado","h ",0.15,8.69,1.3]
["Total",null,null,null,4.68]
["B.D.I","%",0.28100000000000003,null,1.32]
["TOTAL GERAL",null,null,null,6]
[]
["Transporte do reservatório até o local da obra",null,null,"km",2.16]
["Cam. carroceria de madeira 9 t","h",1.6899999999999998E-2,91.66,1.55]
["Ajudante","h",1.6899999999999998E-2,7.99,0.14000000000000001]
["Total",null,null,null,1.69]
["B.D.I","%",0.28100000000000003,null,0.47]
["TOTAL GERAL",null,null,null,2.16]
[]
["Transporte, montagem e instalação elétrica de para-raio",null,null,"un",336.75]
["Caminhão com carreta agrícola 4t","h",2,40.520000000000003,81.040000000000006]
["Ajudante de eletricista","h",8,8.27,66.16]
["Eletricista","h",8,14.46,115.68]
["Total",null,null,null,262.88]
["B.D.I","%",0.28100000000000003,null,73.87]
["TOTAL GERAL",null,null,null,336.75]
[]
["Bloco de ancoragem",null,null,"m³",475.39]
["Forma comum de madeira","m²",1,38.57,38.57]
["Concreto Fck 15MPa, com lançamento","m³",1,332.54,332.54]
["Total",null,null,null,371.11]
["B.D.I","%",0.28100000000000003,null,104.28]
["TOTAL GERAL",null,null,null,475.39]
[]
["Sinalização aberta com iluminação, montantes de h=1,00m e tela em PVC, incluindo fornecimnto, transporte, instalação e remoção para outro local da obra",null,null,"m",10.220000000000001]
["Peça de madeira roliça D = 10 cm p/ escoramentos","m",1,1.22,1.22]
["Lâmpada incandescente 60 w","un",0.22,1.01,0.22]
["Balde vermelho p/ sinalização","un",0.22,3.82,0.84]
["Cabo de cobre flexível 0,6/ 1KV 1,5 mm²","m",1,1.31,1.31]
["Tela plática p/ proteção de fachada malha 5 mm","m²",0.5,2.81,1.41]
["Ajudante de eletricista","h ",0.16669999999999999,8.27,1.38]
["Eletricista","h ",8.3299999999999999E-2,14.46,1.2]
["Servente","h ",0.05,7.99,0.4]
["Total",null,null,null,7.98]
["B.D.I","%",0.28100000000000003,null,2.2400000000000002]
["TOTAL GERAL",null,null,null,10.220000000000001]
[]
["Sinalização aberta sem iluminação, montantes de h=1,00m e tela em PVC, incluindo fornecimento, transporte, instalação e remoção para outro local da obra",null,null,"m",4.74]
["Peça de madeira roliça D = 10 cm p/ escoramentos","m",1,1.22,1.22]
["Tela plática p/ proteção de fachada malha 5 mm","m²",0.5,2.81,1.41]
["Servente","h ",0.1333,7.99,1.07]
["Total",null,null,null,3.7]
["B.D.I","%",0.28100000000000003,null,1.04]
["TOTAL GERAL",null,null,null,4.74]
[]
["Fornecimento de veículo 4x4, com ar condicionado para apoio à fiscalização, incl. Combustível, óleo, manutenção, licenciamento e seguros",null,null,"mês",11079.48]
["Fornecimento de veículo 4x4, com ar condicionado para apoio à fiscalização, incl. Combustível, óleo, manutenção, licenciamento e seguros","mês",1,8649.0874999999996,8649.09]
["Total",null,null,null,8649.09]
["B.D.I","%",0.28100000000000003,null,2430.39]
["TOTAL GERAL",null,null,null,11079.48]
[]
["Caixa completa para hidrômetro para embutir em parede ou  mureta, em polipropileno, conforme padrão EMBASA (fornecimento e instalação)",null,null,"un",114.44]
["Caixa completa para hidrômetro para embutir em parede ou  mureta, em polipropileno, conforme padrão EMBASA","un",1,25.5,25.5]
["Servente","h ",3,7.99,23.97]
["Pedreiro","h ",3,13.29,39.869999999999997]
["Total",null,null,null,89.34]
["B.D.I","%",0.28100000000000003,null,25.1]
["TOTAL GERAL",null,null,null,114.44]
[]
["Sistema de automação",null,null,"un",36295.980000000003]
["Time de Transferencia Automática, digital Marca KVA de 12KVA/18 KVA","un",2,4391.33,8782.66]
["Pressostatos","un",2,140,280]
["Alarme","un",1,341,341]
["Computador e impressora","un",1,2505.11,2505.11]
["Medidor de Pressão – 0 a 10 Bar, Saída de 4 a 20 mA","un",1,102.35,102.35]
["Sirene, 10 a 28 Vcc, mínimo 25 Watts","un",1,425.5,425.5]
["Microinterruptores, 2 contatos de 6 A","un",8,19.25,154]
["Móveis e Utensílios (02 Mesas, 01 Conexão (curva) e 02 Cadeiras Giratórias)","cj",1,696.04,696.04]
["Medidor de Grandeza elétrica (V, A, HZ, W).","cj",3,2453.4299999999998,7360.29]
["Atuador pneumático para válvula borboleta wafer até Ø250mm.","un",3,508.91,1526.73]
["Elaboração de Projeto Técnico / Licenciamento do Sistema de Comunicação","un",1,2495.2199999999998,2495.2199999999998]
["Ajudante de eletricista","h",85,8.27,702.95]
["Eletricista","h",85,14.46,1229.0999999999999]
["Eletrotecnico","h",85,20.39,1733.15]
["Total",null,null,null,28334.100000000002]
["B.D.I","%",0.28100000000000003,null,7961.88]
["TOTAL GERAL",null,null,null,36295.980000000003]
[]
["Recomposição de pavimentação asfáltica com base estabilizada e imprimação com CM - 30, incluindo aquisição e transporte de materiais",null,null,"m²",242.9]
["Brita 1","m³",5.2350000000000001E-2,55.1,2.88]
["BASE SOLO ESTABIL C/ MATERIAIS MISTURADOS NA USINA  / TRANSP AGUA EXCL.  ESCAV., CARGA E TRANSPORTE DOS SOLOS UTILIZADOS E BRITA","m³",0.2,11.71,2.34]
["IMPRIMACAO DE BASE DE PAVIMENTACAO COM EMULSAO CM-30","m²",20,4.97,99.4]
["CONCRETO BETUMINOSO USINADO A QUENTE COM CAP  50/70, BINDER, INCLUSO USINAGEM E APLICACAO, EXCLUSIVE TRANSPORTE","t",0.42,178.59,75.010000000000005]
["Servente","h",1.25,7.99,9.99]
["Total",null,null,null,189.62]
["B.D.I","%",0.28100000000000003,null,53.28]
["TOTAL GERAL",null,null,null,242.9]
[]
["Execução de envelopamento de tubulação em concreto simples",null,null,"m³",1193.08]
["Concreto Fck 15MPa, com lançamento","m³",1,332.54,332.54]
["Forma comun de madeira","m",7.3,38.57,281.56]
["Tubo PVC PBA 12 DN 100mm","m",12.17,26.07,317.27]
["Total",null,null,null,931.37]
["B.D.I","%",0.28100000000000003,null,261.70999999999998]
["TOTAL GERAL",null,null,null,1193.08]
[]
["Projetos executivos da casa de comando (elétrico, hidráulico, estrutural, SPDA, etc)",null,null,"un",4885.4799999999996]
["Engenheiro civil","h ",20,86.08,1721.6]
["Engenheiro eletricista","h ",20,86.08,1721.6]
["Desenhista projetista","h ",20,18.53,370.6]
["Total",null,null,null,3813.7999999999997]
["B.D.I","%",0.28100000000000003,null,1071.68]
["TOTAL GERAL",null,null,null,4885.4799999999996]
[]
["Projetos executivos do reservatório enterrado (estrutural, elétrico, hidráulico, etc)",null,null,"un",5862.5700000000006]
["Engenheiro civil","h ",24,86.08,2065.92]
["Engenheiro eletricista","h ",24,86.08,2065.92]
["Desenhista projetista","h ",24,18.53,444.72]
["Total",null,null,null,4576.5600000000004]
["B.D.I","%",0.28100000000000003,null,1286.01]
["TOTAL GERAL",null,null,null,5862.5700000000006]
[]
["Projetos executivos do reservatório elevado (elétrico, hidráulico, SPDA, estrutural, etc)",null,null,"un",3908.38]
["Engenheiro civil","h ",16,86.08,1377.28]
["Engenheiro eletricista","h ",16,86.08,1377.28]
["Desenhista projetista","h ",16,18.53,296.48]
["Total",null,null,null,3051.04]
["B.D.I","%",0.28100000000000003,null,857.34]
["TOTAL GERAL",null,null,null,3908.38]
[]
["Projetos executivos da casa de química (elétrico, hidráulico, estrutural, etc)",null,null,"un",3908.38]
["Engenheiro civil","h ",16,86.08,1377.28]
["Engenheiro eletricista","h ",16,86.08,1377.28]
["Desenhista projetista","h ",16,18.53,296.48]
["Total",null,null,null,3051.04]
["B.D.I","%",0.28100000000000003,null,857.34]
["TOTAL GERAL",null,null,null,3908.38]
[]
["Projetos executivos da ETA Convencional (Estrutural, elétrico, hidráulico, SPDA, etc)",null,null,"un",3908.38]
["Engenheiro civil","h ",16,86.08,1377.28]
["Engenheiro eletricista","h ",16,86.08,1377.28]
["Desenhista projetista","h ",16,18.53,296.48]
["Total",null,null,null,3051.04]
["B.D.I","%",0.28100000000000003,null,857.34]
["TOTAL GERAL",null,null,null,3908.38]
[]
["Projetos executivos do leito de secagem (Estrutural, elétrico, hidráulico, etc)",null,null,"un",1954.19]
["Engenheiro civil","h ",8,86.08,688.64]
["Engenheiro eletricista","h ",8,86.08,688.64]
["Desenhista projetista","h ",8,18.53,148.24]
["Total",null,null,null,1525.52]
["B.D.I","%",0.28100000000000003,null,428.67]
["TOTAL GERAL",null,null,null,1954.19]
[]
["Projetos executivos da Captação flutuante (Elétrico, hidráulico, etc)",null,null,"un",3908.38]
["Engenheiro civil","h ",16,86.08,1377.28]
["Engenheiro eletricista","h ",16,86.08,1377.28]
["Desenhista projetista","h ",16,18.53,296.48]
["Total",null,null,null,3051.04]
["B.D.I","%",0.28100000000000003,null,857.34]
["TOTAL GERAL",null,null,null,3908.38]
[]
["Instalação de cabo elétrico para ligação das bombas entre o flutuante e o quadro de comando localizado no abrigo para comando da bomba (Sistema Paratinga)",null,null,"un",1635.5599999999997]
["Escavação manual","m³",6.3,57.28,360.86]
["Reaterro de valas","m³",6.3,35.799999999999997,225.54]
["Eletroduto rigido de 3/4\", inclusive conxexões","m",70,5.32,372.4]
["Barco com operador","h ",4,45,180]
["Luva de 3/4\"","un",24,0.75,18]
["Curva 90º de 3/4\"","un",2,1.73,3.46]
["Abraçadeira de nylon comp: 390mm","un",40,0.64,25.6]
["Eletricista","h ",4,14.46,57.84]
["Ajudante de eletricista","h ",4,8.27,33.08]
["Total",null,null,null,1276.7799999999997]
["B.D.I","%",0.28100000000000003,null,358.78]
["TOTAL GERAL",null,null,null,1635.5599999999997]
[]
["Extensão de rede elétrica de média tensão, trifásico, 13,8 KV, 380/220 V, inclusive locação da rede, projeto e aprovação junto à concessionára local",null,null,"km",80953.859999999986]
["Arruela quadrada 18mm","pç",290,0.51,147.9]
["Alça preformada para cabo 4AWG","pç",30,1.97,59.1]
["Armação secudária de 02 estribo","pç",10,25.53,255.3]
["Cabo de aluminio 4CAA","kg",300,22.51,6753]
["Cabo aço cobreado 35mm","mt",230,13.27,3052.1]
["Cabo de cobre Nú 35mm2","mt",230,13.27,3052.1]
["Conector Atr. BR 50/H","pç",30,13.53,405.9]
["Conector cunha vermelho","pç",60,26,1560]
["Cruzeta de concreto tipo T 2.400mm 200Kg","pç",40,240,9600]
["Chave fusivel de 15KV 100A 10KA","pç",3,182.41,547.23]
["Eletroduto PVC roscavel de 1/2\"","mt",30,1.82,54.6]
["Gancho de suspensão olhal 5000dan","pç",30,10.31,309.3]
["Grampo de linha VIVA","pç",30,36.97,1109.0999999999999]
["Conector estribo 4/2 tipo cunha padrão Coelba","pç",30,26,780]
["Isolador Roldana","pç",20,4.6399999999999997,92.8]
["Isolador suspensão polimerico 15KV","pç",30,68.12,2043.6]
["Isolador de pino porcelana multicorpo de 25KV (coelba)","pç",30,23.18,695.4]
["Manilha sapatilha 500 DAN","pç",30,12.4,372]
["Olhal para paraf. 500 DAN","pç",30,7.55,226.5]
["Pino reto para isolador multicorpo de 25KV","pç",30,27.95,838.5]
["Paraf. Cab. Quadrada 16x250","pç",40,5.69,227.6]
["Paraf. Cab. Quadrada 16x300","pç",40,6.53,261.2]
["Paraf. Cab. Quadrada 16x400","pç",120,10.130000000000001,1215.5999999999999]
["Paraf. Cab. Quadrada 16x70","pç",40,3.88,155.19999999999999]
["Porca quadrada de 16mm","pç",40,0.95,38]
["Poste de concreto DT 11/200","pç",20,567.07000000000005,11341.4]
["Guindaste tipo munck cap. 5t montado em caminhao carroceria (locação com operador, combustivel e manutenção)","h",100,68.06,6806]
["CAMINHÃO TOCO, PBT 16.000 KG, CARGA ÚTIL MÁX. 10.685 KG, INCLUSIVE CARROCERIA FIXA ABERTA DE MADEIRA P/ TRANSPORTE GERAL DE CARGA SECA","h",100,10.84,1084]
["Feitor ou encarregado geral","h",80,20.46,1636.8]
["Eletricista","h",200,14.46,2892]
["Ajudante de eletricista","h",400,8.27,3308]
["Ajudante","h",200,8.27,1654]
["Topografo","h",10,24.26,242.6]
["Auxiliar de topográfo","h",10,18.22,182.2]
["Nivelador","h",10,19.68,196.8]
["Total",null,null,null,63195.829999999994]
["B.D.I","%",0.28100000000000003,null,17758.03]
["TOTAL GERAL",null,null,null,80953.859999999986]
[]
["Montagem de transformador",null,null,"un",1668.1200000000001]
["GUINDASTE TIPO MUNCK CAP * 5T * MONTADO EM CAMINHAO CARROCERIA ( LOCAÇÃO COM OPERADOR,COMBUSTIVEL E MANUTENÇÃO).","h",12,68.06,816.72]
["Montador","h ",10,11.58,115.8]
["ELETRICISTA INDUSTRIAL","h ",10,17.12,171.2]
["Ajudante de eletricista","h ",12,8.27,99.24]
["Ajudante","h ",12,8.27,99.24]
["Total",null,null,null,1302.2]
["B.D.I","%",0.28100000000000003,null,365.92]
["TOTAL GERAL",null,null,null,1668.1200000000001]
[]
["Escavação manual de vala ou cava em material de 3ª categoria, profundidade até 2,00 m, com uso de explosivos e perfuração manual",null,null,"m³",246.68]
["Explosivo gelatinoso dinamite 40% (comprimento = 8\" / diâmetro da seção = 1\")","kg",0.2,8.08,1.62]
["Espoleta simples","un",3,0.8,2.4]
["Estopim comum","m",3,1,3]
["Servente","m",15,7.99,119.85]
["Cavouqueiro","m³",6,10.95,65.7]
["Total",null,null,null,192.57]
["B.D.I","%",0.28100000000000003,null,54.11]
["TOTAL GERAL",null,null,null,246.68]
[]
["Escavação de vala a frio, em material de 3ª categoria, com perfuratriz manual e compressor",null,null,"m³",204.89999999999998]
["Perfuratriz (atlas copco -rh 571 5l)","h",3.3332999999999999,2.7,9]
["Compressor de ar 60 pcm","h",1.1111,9.58,10.64]
["Encarregado de turma","h",1,20.46,20.46]
["Servente","h",15,7.99,119.85]
["Total",null,null,45,159.94999999999999]
["B.D.I","%",0.28100000000000003,null,44.95]
["TOTAL GERAL",null,null,null,204.89999999999998]
[]
["Apiloamento do fundo de vala",null,null,"m²",0.4]
["Servente","h",3.8461538461538464E-2,7.99,0.31]
["Total",null,null,null,0.31]
["B.D.I","%",0.28100000000000003,null,0.09]
["TOTAL GERAL",null,null,null,0.4]
[]
["Transporte e montagem da captação flutuante, incluindo peças, conexões, válvulas, aparelhos e acessórios de ferro (Sistema Paratinga)",null,null,"un",8421.83]
["Ajudante especilizado","h",44,8.69,382.36]
["Bombeiro hidráulico","h",44,13.29,584.76]
["Encarregado montador","h",44,20.46,900.24]
["Caminhão com carreta agrícola 4t","h",48,40.520000000000003,1944.96]
["Corrente em ferro galvanizado","kg",61.38,45,2762.1]
["Total",null,null,null,6574.42]
["B.D.I","%",0.28100000000000003,null,1847.41]
["TOTAL GERAL",null,null,null,8421.83]
[]
["Fornecimento, colocação e espalhamento de camada de areia selecionada para uma camada de 30 cm no leito de secagem",null,null,"m³",112.16]
["Servente","h",1.22,7.99,9.75]
["Pedreiro","h",1.22,13.29,16.21]
["Areia Lavada","m³",1,61.6,61.6]
["Total",null,null,null,87.56]
["B.D.I","%",0.28100000000000003,null,24.6]
["TOTAL GERAL",null,null,null,112.16]